Normal view
MARC view
- Technology
Entry Topical Term
001 - CONTROL NUMBER
- control field: 2880
003 - CONTROL NUMBER IDENTIFIER
- control field: OSt
005 - DATE AND TIME OF LATEST TRANSACTION
- control field: 20170509153911.0
008 - FIXED-LENGTH DATA ELEMENTS
- fixed length control field: 170509|| aca||aabn | a|a d
040 ## - CATALOGING SOURCE
- Original cataloging agency: OSt
- Transcribing agency: OSt
150 ## - HEADING--TOPICAL TERM
- Topical term or geographic name entry element: Technology
- General subdivision: Social aspects
670 ## - SOURCE DATA FOUND
- Source citation: Work cat.: (OSt)0: Stanley, Manfred 2879, The technological conscience :, 1981, c1978.

PORTAL AKMAL
E-MEL JKDM
AKMAL2U
G-BAM
u-PUSTAKA